Estadísticas para Adivina la película por su decorado o locaciones (Parte 2)

Haz click aquí para intentar la prueba.

Estadísticas generales

  • Esta prueba ha sido intentada 56 veces
  • La puntuación promedio es 4 de 16

Estadísticas de respuestas

Respuesta% Correcto
El cáliz de fuego
77%
Matrix
62%
El imperio contraataca
58%
Marte / Misión rescate / The martian
50%
Cleopatra
38%
Her / Ella
38%
Furia en el camino / Fury Road
23%
Apocalipsis ahora / Apocalypse Now
17%
Gattaca
13%
Encuentros cercanos del tercer tipo / Encuentros en la tercera fase
12%
Doctor Zhivago
8%
Oldboy
8%
El hombre de mimbre / El culto siniestro
6%
Ex-Machina
6%
Niños del hombre / Hijos de los hombres
4%
Suspiria
2%

Distribución de puntuación

Porcentaje por número respondido

Porcentaje de gente con cada puntuación

Historial de tus puntuaciones

No has intentado esta prueba.